Tratado de la República
Guardat en:
| Autor principal: | |
|---|---|
| Format: | Llibre |
| Idioma: | espanyol |
| Publicat: |
Ciudad de México
Porrúa S. A
1975
|
| Edició: | 2a. ed |
| Matèries: | |
| Etiquetes: |
Afegir etiqueta
Sense etiquetes, Sigues el primer a etiquetar aquest registre!
|
MARC
| LEADER | 00000cam a2200000 a 4500 | ||
|---|---|---|---|
| 001 | UCD2914 | ||
| 003 | CL-VaPUC | ||
| 008 | 160520e19750000mx |||||||||||||||||spa|d | ||
| 082 | 0 | 4 | |a 186 |b CIC |2 21 |
| 100 | |a Cicerón, Marco Tulio |e autor |9 255203 | ||
| 245 | 1 | 0 | |a Tratado de la República |
| 246 | 1 | 0 | |a Tratado de las Leyes |
| 246 | 1 | 0 | |a Catilinarias |
| 250 | |a 2a. ed | ||
| 300 | |a 193 p | ||
| 942 | |c BK | ||
| 945 | |d 20160520 11:34:00 |a dcastane | ||
| 260 | |a Ciudad de México |b Porrúa S. A |c 1975 | ||
| 650 | 7 | |a FILOSOFIA POLITICA |2 CL-VaPUC |9 586316 | |
| 650 | 0 | |a Filosofía romana |9 344946 | |
| 650 | 0 | |a Leyes |9 256670 | |
| 650 | 0 | |a Derecho romano |9 255930 | |
| 583 | |a last modification |c 20160520 11:34:00 |k Rodrigo Vera | ||
| 999 | |c 364023 |d 364021 | ||
| 952 | |0 0 |1 0 |3 erb |4 0 |6 186_000000000000000_CIC_1975 |7 0 |8 A |9 476933 |a FDOHBE |b FDOHBE |e Huesbe Llanos, Marco Antonio, 1934- |i 5304830 |o 186 CIC 1975 |p 5304830 |r 2024-01-30 |w 2019-11-24 |y BK |z Catalogado en:20160520 |k HBE | ||